000 01495cam a2200277 4500500
005 20260329015503.0
041 _afre
042 _adc
100 1 0 _aBureau, Dominique
_eauthor
700 1 0 _aMougeot, Michel
_eauthor
245 0 0 _aPolitique environnementale en économie ouverte
260 _c2005.
500 _a34
520 _aCet article analyse les conséquences des politiques environnementales en économie ouverte. Après avoir montré en quoi la fiscalité environnementale se distingue de la fiscalité contributive, il étudie son influence sur les spécialisations internationales et analyse l’argument du dumping écologique.
520 _aEnvironmental policy in an open economy This article analyses the consequences of the environmental policies in an open economy. Having shown in what the environmental tax system distinguishes itself from the contributory tax system, it studies its influence on the international specializations and analyses the argument of the ecological dumping.
690 _adumping écologique
690 _aenvironnement
690 _afiscalité
690 _aspécialisations internationales
690 _aecological dumping
690 _aenvironment
690 _ainternational specializations
690 _atax system
786 0 _nRevue d'économie politique | 115 | 4 | 2005-08-01 | p. 441-450 | 0373-2630
856 4 1 _uhttps://shs.cairn.info/revue-d-economie-politique-2005-4-page-441?lang=fr&redirect-ssocas=7080
999 _c1898384
_d1898384